| 000 | 00374nam a2200133Ia 4500 | ||
|---|---|---|---|
| 008 | 150202s9999 xx 000 0 und d | ||
| 020 | _a439784549 | ||
| 050 |
_aFIC _bFIC |
||
| 100 | _aRowling J.K. | ||
| 245 |
_aHarry Potter and the half blood Prince / _cJ.K. Rowling. |
||
| 260 |
_aNew York : _bLevine Books, _c2005. |
||
| 300 |
_a652 pages : _c23 cm. |
||
| 650 | _aFiction. | ||
| 999 |
_c282367 _d282367 |
||